| 000 | 00936nam a2200265Ia 4500 | ||
|---|---|---|---|
| 001 | Para_3299 | ||
| 003 | CHAP | ||
| 008 | 220125s9999 xx 000 0 und d | ||
| 010 | _a201742 | ||
| 040 | _cCHAP | ||
| 082 | _aPA-C 595.77 D5 | ||
| 100 |
_aAldrich, J. M. _93719 |
||
| 245 |
_aRecords of dipterous insects of the family Tachinidae reared by the late George Dimmck, with description of one new species and notes on the genus Anetia robineaudesvoidy / _c by J. M. Aldrich |
||
| 440 |
_aDíptera ; 6 _9164823 |
||
| 500 | _aSobretiro de: Proceedings U.S, National Museum 80 (2920): 1-8. Encuadernado con otros impresos similares | ||
| 650 |
_aDípteros _933715 |
||
| 650 |
_aTachinidae _9111320 |
||
| 901 | _aPA-C 595.77 D5 | ||
| 902 | _aA | ||
| 905 | _a000000 0000000000 00 | ||
| 910 | _a | ||
| 942 | _cPARA | ||
| 942 |
_cPARA _d1 |
||
| 999 |
_c201742 _d201742 |
||